| 000 | 00598nam a22001457a 4500 | ||
|---|---|---|---|
| 020 | _a978-81-7223-480-5 | ||
| 082 |
_a823 _bSHE/S |
||
| 100 | _aSHELDON,SIDNEY | ||
| 245 | _aTHE SANDS OF TIME | ||
| 260 |
_aLONDON _bHARPER COLLINS |
||
| 300 | _a365 | ||
| 520 | _aThe Sands of Time is a 1988 action novel by author Sidney Sheldon. The novel follows the adventures of four women who are forced to leave their Spanish convent for the outside world of threat, violence and passions; and two men who are pitted against each other in a fight to the death. | ||
| 650 |
_aENGLISH NOVEL _zLONDON |
||
| 942 | _cBK | ||
| 999 |
_c3462 _d3462 |
||